[Event "Caorle op-B"]
[Site "Caorle"]
[Date "1991.07.13"]
[Round "8.19"]
[White "Ruggeri, Pietro"]
[Black "Ongaro, Giorgio"]
[Result "1-0"]
[WhiteElo "1939"]
[BlackElo "1846"]
[PlyCount "109"]
[EventDate "1991.07.05"]
[EventType "swiss"]
[EventRounds "8"]
[EventCountry "ITA"]
[SourceTitle "EXT 2023"]
[Source "ChessBase"]
[SourceDate "2022.10.05"]
[SourceVersion "1"]
[SourceVersionDate "2022.10.05"]
[SourceQuality "1"]

1. Nf3 Nf6 2. b3 c5 3. Bb2 Nc6 4. e3 d6 5. Bb5 e5 6. Bxc6+ bxc6 7. d3 Be7 8. Nbd2 0-0 9. h3 Ba6 10. 0-0 e4 11. Ne1 d5 12. c4 Qd7 13. dxe4 dxe4 14. Bxf6 Bxf6 15. Nxe4 Qf5 16. Nxf6+ Qxf6 17. Rc1 Rad8 18. Qf3 Qg6 19. Rd1 Bc8 20. Rxd8 Rxd8 21. e4 f5 22. e5 f4 23. Kh2 Qf5 24. Qc3 Rd1 25. Rg1 Qe4 26. Nf3 Rd3 27. Qe1 Qf5 28. Qe2 g5 29. Rd1 Rxd1 30. Qxd1 Kg7 31. Qd8 g4 32. Qe7+ Qf7 33. Qg5+ Qg6 34. hxg4 Qxg5 35. Nxg5 Bxg4 36. Ne4 Bf5 37. Nxc5 Bb1 38. a3 Kg6 39. g4 Bc2 40. Kg2 Bd1 41. f3 h5 42. gxh5+ Kxh5 43. Kf2 Kg6 44. b4 Kf5 45. e6 Kf6 46. a4 Ke7 47. a5 Kd6 48. a6 Bc2 49. Ke2 Bg6 50. Nd3 Be8 51. Nxf4 Ke5 52. Ke3 Kd6 53. Ke4 c5 54. b5 Kc7 55. Ke5 1-0

[Event "Caorle op-B"]
[Site "Caorle"]
[Date "1991.07.09"]
[Round "4.44"]
[White "Sieff, Massimo"]
[Black "Ongaro, Giorgio"]
[Result "0-1"]
[WhiteElo "1800"]
[BlackElo "1846"]
[PlyCount "82"]
[EventDate "1991.07.05"]
[EventType "swiss"]
[EventRounds "8"]
[EventCountry "ITA"]
[SourceTitle "EXT 2023"]
[Source "ChessBase"]
[SourceDate "2022.10.05"]
[SourceVersion "1"]
[SourceVersionDate "2022.10.05"]
[SourceQuality "1"]

1. c4 e5 2. Nc3 Nf6 3. g3 d5 4. cxd5 Nxd5 5. Bg2 Nxc3 6. bxc3 Bc5 7. Nf3 Nc6 8. 0-0 e4 9. Ne1 e3 10. d4 exf2+ 11. Rxf2 Nxd4 12. cxd4 Bxd4 13. Bf4 Bxf2+ 14. Kxf2 Qf6 15. Nf3 0-0 16. Bxc7 Bf5 17. Be5 Qa6 18. Qd6 Qxd6 19. Bxd6 Rfd8 20. Bf4 Re8 21. Nd2 Bg4 22. Re1 Re7 23. e4 Rc8 24. h3 Be6 25. Nb3 b6 26. Rc1 Rxc1 27. Nxc1 Rd7 28. Nb3 Rd3 29. Nc1 Rc3 30. Bd2 Rc2 31. Ke2 Bxa2 32. Nxa2 Rxa2 33. e5 b5 34. g4 b4 35. Bd5 Ra5 36. Be4 Rxe5 37. Kd3 a5 38. Kd4 Re6 39. Kd5 Re8 40. Bf4 b3 41. Kd4 Rxe4+ 0-1

[Event "Secondario 15th"]
[Site "Caorle"]
[Date "1990.07.12"]
[Round "6.48"]
[White "Ongaro, Giorgio"]
[Black "Pascali, Frederic"]
[Result "1-0"]
[WhiteElo "1900"]
[BlackElo "1755"]
[PlyCount "43"]
[EventDate "1990.07.07"]
[EventType "swiss"]
[EventRounds "8"]
[EventCountry "ITA"]
[SourceTitle "EXT 2023"]
[Source "ChessBase"]
[SourceDate "2022.10.05"]
[SourceVersion "1"]
[SourceVersionDate "2022.10.05"]
[SourceQuality "1"]

1. e4 e6 2. d4 d5 3. Nc3 Bb4 4. e5 c5 5. a3 Bxc3+ 6. bxc3 Ne7 7. f4 cxd4 8. cxd4 Qc7 9. Nf3 Bd7 10. Bd3 Nbc6 11. 0-0 h6 12. Bd2 Na5 13. Bb4 Ba4 14. Qe2 Rc8 15. Nh4 Nac6 16. Bd6 Nxd4 17. Qf2 Qb6 18. Rab1 Ne2+ 19. Bxe2 Qxf2+ 20. Rxf2 Bxc2 21. Rxb7 Nc6 22. Bb5 1-0

[Event "Secondario 15th"]
[Site "Caorle"]
[Date "1990.07.11"]
[Round "5.45"]
[White "Ongaro, Giorgio"]
[Black "Vettori, Stefano"]
[Result "0-1"]
[WhiteElo "1900"]
[BlackElo "1800"]
[PlyCount "172"]
[EventDate "1990.07.07"]
[EventType "swiss"]
[EventRounds "8"]
[EventCountry "ITA"]
[SourceTitle "EXT 2023"]
[Source "ChessBase"]
[SourceDate "2022.10.05"]
[SourceVersion "1"]
[SourceVersionDate "2022.10.05"]
[SourceQuality "1"]

1. e4 e6 2. d4 d5 3. Nc3 Bb4 4. e5 f6 5. Bd3 f5 6. Bd2 Ne7 7. Qh5+ Ng6 8. Nf3 Nd7 9. 0-0 c6 10. Rfe1 Ndf8 11. Rad1 Bd7 12. Bg5 Be7 13. Ne2 Bxg5 14. Nxg5 Qe7 15. Bxf5 exf5 16. e6 0-0-0 17. exd7+ Qxd7 18. Nf3 Ne7 19. Ne5 Qe8 20. Qxe8 Rxe8 21. Nf7 Nfg6 22. Nc1 Rhf8 23. Nd6+ Kd7 24. Nxe8 Rxe8 25. Nd3 b6 26. Ne5+ Nxe5 27. Rxe5 Rf8 28. Re3 f4 29. Ra3 a5 30. Rb3 Kc7 31. Rbd3 Rf7 32. a4 Kd6 33. Re1 Kd7 34. Rb3 Kc7 35. Rh3 h6 36. Rh5 Nf5 37. c3 g6 38. Rh3 h5 39. Rd3 Nd6 40. b3 Ne4 41. c4 Kd6 42. h4 Rf6 43. cxd5 Kxd5 44. f3 Ng3 45. Re8 Nf5 46. Rd8+ Rd6 47. Rxd6+ Kxd6 48. Rd1 Nxh4 49. Re1 Nf5 50. Re4 Kd5 51. Rxf4 Nxd4 52. Rf6 Nxb3 53. Rxg6 c5 54. f4 c4 55. Rxb6 Nc5 56. Rb2 c3 57. Rc2 Kd4 58. f5 Kd3 59. Rf2 c2 60. Rf3+ Kd2 61. Rf2+ Kc3 62. Rf3+ Kb2 63. Rf2 Kb1 64. Rf1+ c1Q 65. Rxc1+ Kxc1 66. Kf2 Kd2 67. Kg3 Ke3 68. Kh4 Kf4 69. f6 Kf5 70. f7 Ne6 71. Kxh5 Kf6 72. g4 Kxf7 73. g5 Nc5 74. g6+ Kg7 75. Kg5 Nxa4 76. Kf5 Nb6 77. Ke4 Kxg6 78. Kd4 Kf6 79. Kc5 Ke5 80. Kb5 a4 81. Kb4 Kd4 82. Ka3 Kc3 83. Ka2 Nc4 84. Kb1 Na3+ 85. Ka1 Nc2+ 86. Kb1 a3 0-1

[Event "Secondario 15th"]
[Site "Caorle"]
[Date "1990.07.10"]
[Round "4.32"]
[White "Ljubic, Ivan"]
[Black "Ongaro, Giorgio"]
[Result "1-0"]
[WhiteElo "2000"]
[BlackElo "1900"]
[PlyCount "83"]
[EventDate "1990.07.07"]
[EventType "swiss"]
[EventRounds "8"]
[EventCountry "ITA"]
[SourceTitle "EXT 2023"]
[Source "ChessBase"]
[SourceDate "2022.10.05"]
[SourceVersion "1"]
[SourceVersionDate "2022.10.05"]
[SourceQuality "1"]

1. d4 Nf6 2. Nf3 e6 3. Bf4 d5 4. e3 Bd6 5. Bg3 Qe7 6. Bd3 Nc6 7. c3 e5 8. Bb5 exd4 9. Nxd4 Bd7 10. Nxc6 bxc6 11. Bxd6 cxd6 12. Be2 Rb8 13. Qc1 c5 14. 0-0 0-0 15. Rd1 Qe5 16. Nd2 Qf5 17. Bf3 g5 18. Qb1 g4 19. e4 Qg6 20. Be2 dxe4 21. c4 Qf5 22. Nf1 Qe5 23. b3 h5 24. Ne3 h4 25. g3 Kg7 26. Nd5 Bf5 27. Qc1 Nh7 28. Ne3 hxg3 29. hxg3 Nf6 30. Rxd6 Rbd8 31. Rd1 Rd4 32. Kg2 Rxd1 33. Qxd1 Rg8 34. Rb1 Qe6 35. Rb2 Nd7 36. Rd2 Ne5 37. Rd6 Qc8 38. Qd5 f6 39. b4 cxb4 40. c5 Nf3 41. Nxf5+ Kh8 42. Rxf6 1-0

[Event "Secondario 15th"]
[Site "Caorle"]
[Date "1990.07.07"]
[Round "1.43"]
[White "Segantini, Andrea"]
[Black "Ongaro, Giorgio"]
[Result "0-1"]
[WhiteElo "1770"]
[BlackElo "1900"]
[PlyCount "100"]
[EventDate "1990.07.07"]
[EventType "swiss"]
[EventRounds "8"]
[EventCountry "ITA"]
[SourceTitle "EXT 2023"]
[Source "ChessBase"]
[SourceDate "2022.10.05"]
[SourceVersion "1"]
[SourceVersionDate "2022.10.05"]
[SourceQuality "1"]

1. e4 e5 2. Nf3 Nc6 3. Bb5 a6 4. Bxc6 dxc6 5. 0-0 Qd6 6. d4 exd4 7. Nxd4 Bd7 8. Be3 Nf6 9. f3 h5 10. Qd2 0-0-0 11. Qf2 g5 12. Nc3 Qe5 13. Qg3 Qxg3 14. hxg3 Rg8 15. Rad1 Bd6 16. Nde2 Be6 17. Bd4 Nd7 18. Bf2 Ne5 19. b3 Ng6 20. Be3 f6 21. Kf2 h4 22. g4 Rh8 23. Rh1 Rh7 24. Nd4 Bg3+ 25. Ke2 Bd7 26. Nf5 Be5 27. Nb1 Rdh8 28. Rh3 b6 29. Nd2 c5 30. Rdh1 Rd8 31. Nf1 Rf7 32. g3 hxg3 33. N1xg3 Be6 34. Rh6 Nf4+ 35. Bxf4 Bxf4 36. Nf1 c4 37. N5e3 cxb3 38. axb3 c5 39. c4 b5 40. Nd5 Bxd5 41. exd5 Re8+ 42. Kd3 Re1 43. Rh8+ Kc7 44. R1h7 Rxh7 45. Rxh7+ Kd6 46. Rh1 bxc4+ 47. bxc4 a5 48. Kc2 a4 49. Ng3 Bxg3 50. Rxe1 Bxe1 0-1